Les personnages dans le manga Eyeshield 21 - Statistiques

Statistiques générales
  • Ce quiz a été pris 122 fois
  • Le résultat moyen est 24 sur 101
Statistiques - réponses
Indice Réponse % Correct
Devil Bats de Deimon Sena Kobayakawa
89%
Devil Bats de Deimon Yoichi Hiruma
85%
Famille d'un personnage Yuya Hiruma
84%
White Knights d'Ôjô Seijuro Shin
77%
Devil Bats de Deimon Taro Raimon
74%
Devil Bats de Deimon Ryokan Kurita
66%
Shinryugis Naga Agon Kongô
58%
Devil Bats de Deimon Mamori Anezaki
58%
Nasa Aliens Patrick Spencer
58%
Devil Bats de Deimon Gen Takekura
56%
White Knights d'Ôjô Haruto Sakuraba
53%
Wild Gunmans de Seibu Riku Kaitani
52%
Devil Bats de Deimon Suzuna Taki
52%
Devil Bats de Deimon Natsuhiko Taki
51%
Wild Gunmans de Seibu Shien Mushanokoji
49%
Devil Bats de Deimon Daikichi Komusubi
44%
White Knights d'Ôjô Makoto Otawara
44%
Wild Gunmans de Seibu Jo Tetsuma
42%
Teikoku Alexanders Taka Honjo
41%
Famille d'un personnage Fukue Komusubi
40%
Famille d'un personnage Goki Komusubi
40%
Devil Bats de Deimon Manabu Yukimitsu
38%
Famille d'un personnage Akari Yukimitsu
37%
Spiders de Bando Hayato Akaba
37%
Sphinx de Taiyô Mamoru Banba
37%
Dinosaurs d'Hakushû Rikiya Gao
37%
Poséidon de Kyoshin Shun Kakei
37%
Teikoku Alexanders Takeru Yamato
36%
Devil Bats de Deimon Tetsuo Ishimaru
32%
Shinryugis Naga Ikkyu Hosokawa
30%
Caméléons de Zokuto Rui Habashira
30%
White Knights d'Ôjô Ichiro Takami
29%
Poséidon de Kyoshin Kengo Mizumachi
29%
Famille d'un personnage Mihae Kobayakawa
29%
Famille d'un personnage Shuma Kobayakawa
29%
Devil Bats de Deimon Shozo Togano
26%
Zokuto University Frilled Lizards Tokage Habashira
26%
Nasa Aliens Leonard Apollo
25%
Hashiratani Deers Onihei Yamamoto
23%
Devil Bats de Deimon Doburoku Sakaki
22%
Equipe All Star américaine Homer Fitzgerald
22%
Devil Bats de Deimon Koji Kuroki
22%
Spiders de Bando Kotaro Sasaki
22%
Wild Gunmans de Seibu Buharou Ushijima
19%
Sphinx de Taiyô Ken Kamaguruma
19%
White Knights d'Ôjô Daigo Ikari
18%
Teikoku Alexanders Kureji Hera
18%
Nasa Aliens Jeremy Watt
16%
Devil Bats de Deimon Kenta Yamaoka
16%
Poséidon de Kyoshin Osamu Kobanzame
16%
Devil Bats de Deimon Yohei Satake
16%
Teikoku Alexanders Karin Koizumi
15%
Equipe All Star américaine Clifford D.Lewis
14%
Equipe All Star américaine Donald Oberman
14%
Sphinx de Taiyô Kiminari Harao
14%
Organisateur Morgan
14%
Famille d'un personnage Riko Kumabukuro
14%
Fan d'un personnage Torakichi Nanpa
14%
Amino Cyborgs Atsushi Munakata
12%
Nasa Aliens Gonzales
12%
Sphinx de Taiyô Niinobu Kasamatsu
12%
Teikoku Alexanders Reisuke Aki
12%
Equipe All Star américaine Tatanka
12%
Devil Bats de Deimon Futoshi Omosadake
11%
Shinryugis Naga Gondayu Yamabushi
11%
White Knights d'Ôjô Gunpei Shoji
11%
Poséidon de Kyoshin Hiroshi Ohira
11%
Poséidon de Kyoshin Hiroshi Onishi
11%
Misaki Wolves Taiga Kamiya
11%
Journaliste Kumabukuro
10%
Wild Gunmans de Seibu Doku Horide
8%
Dinosaurs d'Hakushû Hanataka Tengu
8%
Devil Bats de Deimon Akira Nakabo
7%
Equipe All Star américaine Bud Walker
7%
Cupid de Koigahama Kaoru Hatsujo
7%
Dinosaurs d'Hakushû Maroku Himuro
7%
White Knights d'Ôjô Miracle Ito
7%
Dokubari Scorpions Sasuke Kanagushi
7%
Teikoku Alexanders Dojiro Tenma
5%
Spiders de Bando Kirio Ibarada
5%
Amino Cyborgs Naosumi Kadoguchi
5%
Infirmière Oka
4%
Sado Strong Golems Ganjo Iwashige
3%
Wild Gunmans de Seibu Hina Aiuchi
3%
Teikoku Alexanders Hotei
3%
Spiders de Bando Juri Sawai
3%
White Knights d'Ôjô Love Hosutoku
3%
Caméléons de Zokuto Megu Tsuyumine
3%
Teikoku Alexanders Mikoto Sano
3%
Dinosaurs d'Hakushû Saboru Mitsui
3%
Amino Cyborgs Suguru Aoyanagi
3%
Amino Cyborgs Iika Meira
1%
Yūhi Guts Katsuko Konjo
1%
White Knights d'Ôjô Koharu Wakana
1%
Amino Cyborgs Nasu Hakui
1%
Teikoku Alexanders Orio Tokashiki
1%
Poséidon de Kyoshin Otohime
1%
White Knights d'Ôjô Sota Nakawaki
1%
Shinryugis Naga Sumito Sendoda
1%
Wild Gunmans de Seibu Tenichi Saba
1%
Dinosaurs d'Hakushû Hiromi Kisaragi
0%
Aucun quiz correspondant
Distribution des résultats
% des personnes avec chaque résultat
Percentile par nombre de réponses
Votre historique - résultats
Vous n’avez pas pris ce quiz